| 000 | 00961nam a2200253 a 4500 | ||
|---|---|---|---|
| 005 | 20151117095618.0 | ||
| 008 | 151117s2008 sp fr 00110dspa d | ||
| 020 | _a9788495994851 | ||
| 040 |
_aCO-BoUCM _bspa _cSandra Palacio _dSandra Palacio |
||
| 041 | 1 |
_aspa _hger |
|
| 100 | 1 |
_aNietzsche, Friedrich Wilhelm _d1844-1900 _954237 |
|
| 245 | 1 | 0 |
_aOcaso de los ídolos _cFriedrich Wilhelm Nietzsche ; traductor José Luis Labata Lacasa |
| 260 | 3 |
_aMadrid (España) _bMestas Ediciones _c2008 |
|
| 300 | _a139 páginas | ||
| 440 | 0 |
_aProyerctos Ánafora _v99 _973674 |
|
| 500 | _aIncluye índice | ||
| 534 |
_pTítulo original : _tGotzen-dämmerung oder wie man mit dem hammer philosophirt, 1889. |
||
| 650 | 7 |
_aFilosofía _915725 |
|
| 650 | 7 |
_aFilosofía alemana _949628 |
|
| 690 |
_942814 _aFilosofía |
||
| 700 | 1 |
_aLabata Lacasa, José Luis _etraductor _973675 |
|
| 942 |
_2DEWEY _a2 _cLIBRO _e1 _h193.9 _mN677oc |
||
| 999 |
_c302027 _d302027 |
||